KA: (Record no. 59956)
[ view plain ]
| 000 -LEADER | |
|---|---|
| fixed length control field | 00734nam a22001937a 4500 |
| 005 - DATE AND TIME OF LATEST TRANSACTION | |
| control field | 20111226100525.0 |
| 020 ## - INTERNATIONAL STANDARD BOOK NUMBER | |
| International Standard Book Number | 9788189020040 |
| Terms of availability | 95.00 |
| 037 ## - SOURCE OF ACQUISITION | |
| Source of stock number/acquisition | PUB |
| 100 ## - MAIN ENTRY--PERSONAL NAME | |
| Personal name | Calasso, Roberto |
| 245 ## - TITLE STATEMENT | |
| Title | KA: |
| Statement of responsibility, etc | by Roberto Calasso; translated by Tim Parks; retold by Geeta Dharmarajan; illustrated by Suddhasattwa Basu |
| Remainder of title | the story of Garuda / |
| 260 ## - PUBLICATION, DISTRIBUTION, ETC. (IMPRINT) | |
| Place of publication, distribution, etc | New Delhi |
| Name of publisher, distributor, etc | Katha |
| Date of publication, distribution, etc | 2004 |
| 270 ## - ADDRESS | |
| Address | A3 Sarvodaya Enclave, Sri Aurobindo Marg, |
| City | New Delhi |
| Postal code | 110017 |
| 300 ## - PHYSICAL DESCRIPTION | |
| Extent | unpages |
| Other physical details | ill. |
| Dimensions | 26cm(pbk) |
| 700 ## - ADDED ENTRY--PERSONAL NAME | |
| Personal name | Parks, Tim |
| 9 (RLIN) | 37569 |
| 700 ## - ADDED ENTRY--PERSONAL NAME | |
| Personal name | Dharmarajan, Geeta |
| 9 (RLIN) | 37570 |
| 700 ## - ADDED ENTRY--PERSONAL NAME | |
| Personal name | Basu, Suddhasattwa |
| 9 (RLIN) | 37571 |
| 942 ## - ADDED ENTRY ELEMENTS (KOHA) | |
| Source of classification or shelving scheme | Dewey Decimal Classification |
| Item type | Children Books |
| Call number suffix | CAL |
| Withdrawn status | Lost status | Not for loan | Home library | Current library | Date acquired | Cost, normal purchase price | Full call number | Cost, replacement price | Koha item type |
|---|---|---|---|---|---|---|---|---|---|
| Ordered | Andrews Gunj | Andrews Gunj | 26/12/2011 | 95.00 | CAL | 95.00 | Children Books |
